000 00499nam a2200181Ia 4500
003 GCL
008 140319s9999 xx 000 0 ara d
040 _aGCL /
_cGCL
082 0 4 _a338.9
_bك ت
100 1 _aكامل بكرى
245 1 0 _aالتنمية الاقتصادية /
_cكامل بكرى
300 _a234 ص
490 _a100 قصة
_v0
650 0 4 _aالتخطيط الاقتصادى
650 0 4 _aالتنمية الاقتصادية
650 0 4 _aالبطالة
942 _2ddc
_cBK
999 _c45702
_d45702